000 00833ngm a2200217 i 4500
001 C2-0338370
003 PPAK
005 20180727222538.0
008 161026s2016 my |||| ||||| | vlmay d
040 _aPPAK
_beng
_cPPAK
_erda
245 1 0 _aKeranda tok wan terbang
264 1 _aKuala Lumpur :
_bK & L Entertainment Sdn. Bhd. ,
_c2016
336 _2rdacontent
_atext
337 _2rdamedia
_aunmediated
338 _2rdacarrier
_avolume
500 _aSpecial feature : the making of the movie ; In Malay dialogue with Malay and English subtitle. ; DVD, NTSC, Dolby digital, stereo. ; Summary : Adik-beradik Hasan dan Husin telah pulang ke kampung halaman setelah dipecat dari kerja. Apabila
700 _eauthor
700 0 _aHashim Rejab,
_ecompile
700 1 _aMIG Sound Factory ; Ng, Brian,
_eeditor
942 _2ddc
_cDVD
999 _c167858
_d167858